Phasing out lead from gasoline: worldwide experiences and policy implications (Record no. 53472)

MARC details
000 -LEADER
fixed length control field 00758nam a2200205 a 4500
008 - FIXED-LENGTH DATA ELEMENTS--GENERAL INFORMATION
fixed length control field 081022s1998 ||||||||||||||||| || u
020 ## - INTERNATIONAL STANDARD BOOK NUMBER
International Standard Book Number 082134157X
050 ## - LIBRARY OF CONGRESS CALL NUMBER
Classification number IBRD(08)TP/397
100 ## - MAIN ENTRY--PERSONAL NAME
Personal name Lovei, Magda
245 10 - TITLE STATEMENT
Title Phasing out lead from gasoline: worldwide experiences and policy implications
Statement of responsibility, etc. by Magda Lovei
260 ## - PUBLICATION, DISTRIBUTION, ETC.
Place of publication, distribution, etc. Washington, D.C.:
Name of publisher, distributor, etc. World Bank
Date of publication, distribution, etc. 1998
300 ## - PHYSICAL DESCRIPTION
Extent xv, 40p.: ill.
350 ## - PRICE (NR) (BK AM CF MU VM SE) [OBSOLETE]
Price 0.00
490 ## - SERIES STATEMENT
Series statement WORLD BANK TECHNICAL PAPER
500 ## - GENERAL NOTE
General note Technical Paper No. 397
650 ## - SUBJECT ADDED ENTRY--TOPICAL TERM
Topical term or geographic name entry element METAL
650 ## - SUBJECT ADDED ENTRY--TOPICAL TERM
Topical term or geographic name entry element LEAD ABATEMENT--GOVERNMENT POLICY
710 ## - ADDED ENTRY--CORPORATE NAME
Corporate name or jurisdiction name as entry element World Bank
995 ## - RECOMMENDATION 995 [LOCAL, UNIMARC FRANCE]
-- 0.00
-- CBU-MAIN LIBRARY (Kitwe)
-- 1
-- 0.00
-- 397
-- AVAILABLE
-- Oct 22, 2008
-- International Publications
Holdings
Withdrawn status Lost status Source of classification or shelving scheme Damaged status Not for loan Home library Current library Shelving location Date acquired Total Checkouts Full call number Barcode Date last seen Price effective from Koha item type
          CBU-MAIN LIBRARY, KITWE. CBU-MAIN LIBRARY, KITWE.   11/30/2022   IBRD(08)TP/397 021726 11/30/2022 11/30/2022 MONOGRAPH